John Travolta Movies - Sudden Death - Statistics

General Stats
  • This quiz has been taken 73 times
  • The average score is 7 of 20
Answers on the Grid
Answers color-coded by a green-red scale on the quiz's grid according to % correct below.
Primary Colors
The Princess Bride
Air Force One
Battlefield Earth
Blow Out
Broken Arrow
Carrie
Domestic Disturbance
First Blood
Full Metal Jacket
Get Shorty
Grease
Grown Ups
Jackie Brown
Major League
Kiss of Death
Ladder 49
Mars Attacks
Matchstick Men
Perfect
Phenomenon
Pulp Fiction
Saturday Night Fever
Short Circuit
Silence of the Lambs
Staying Alive
Taken
The Big Chill
The General's Daughter
The Outsiders
The Punisher
The Taking of Pelham 123
The Thin Red Line
Two of a Kind
Urban Cowboy
Xanadu
 
Answer Stats
Answer % Correct
Grease
81%
Pulp Fiction
73%
Saturday Night Fever
66%
Staying Alive
47%
Get Shorty
41%
Carrie
37%
Primary Colors
32%
Urban Cowboy
32%
Battlefield Earth
31%
Blow Out
29%
Phenomenon
29%
Broken Arrow
27%
The Taking of Pelham 123
27%
The General's Daughter
25%
Ladder 49
24%
The Punisher
24%
The Thin Red Line
17%
Two of a Kind
17%
Domestic Disturbance
15%
Perfect
12%
No matching quizzes found
Score Distribution
Percent of People with Each Score
Percentile by Number Answered
Your Score History
You have not taken this quiz